| 000 | 00422nam a22001457a 4500 | ||
|---|---|---|---|
| 005 | 20180227145548.0 | ||
| 008 | 170420b xxu||||| |||| 00| 0 eng d | ||
| 040 | _cPK-LaUMT | ||
| 082 |
_aZIAC 297.07 _bAHM-A |
||
| 100 | _aاحمد لطفی السید باشا | ||
| 245 |
_aالمنتخبات/ _cاحمد لطفی السید باشا |
||
| 260 |
_a[ ] _bھدبہ المفنطف، _c1945 |
||
| 300 | _a 168 ص | ||
| 942 | _cBK | ||
| 999 |
_c92746 _d92746 |
||